000 00950nam a2200301 a 4500
001 61367
003 BD-RjUL
005 20211209080943.0
008 170117s1982 enka b 001 0 eng
020 _a0177610662
_a0177711361
035 _a(BD-RjUL)61491
040 _aDLC
_cDLC
_dBD-RjUL
_beng
041 _aeng
082 0 0 _a657.3
_223
_bLEC 1982
100 1 _aLee, T. A.
_q(Thomas Alexander)
_9177354
245 1 0 _aCompany financial reporting /
_cT. A. Lee.
250 _a2nd. ed.
260 _aLondon :
_bNelson,
_c1982.
300 _axxiv, 319 p. :
_bill. ;
_c24 cm.
490 0 _aNelson series in accounting and finance
504 _aIncludes bibliographies and indexes.
650 0 _aFinancial statements.
_9179585
650 0 _aCorporation reports.
_9182989
650 0 _aFinancial statements
_zGreat Britain.
_9182990
830 _aNelson series in accounting and finance
_9226393
942 _2ddc
_cBK
999 _c61367
_d61367